Lil baby songs by emojis - Statistics

General Stats
  • This quiz has been taken 104 times
  • The average score is 3 of 6
Answer Stats
Hint Answer % Correct
👶🍼 baby (ft DaBaby)
82%
🐐🐐🐐 3 headed goat (ft lil durk and polo g)
64%
💔🩹 emotionally scarred
44%
🏈 touchdown
40%
💵 cash
38%
🏦💹 bank (ft moneybagg yo)
32%
No matching quizzes found
Score Distribution
Percent of People with Each Score
Percentile by Number Answered
Your Score History
You have not taken this quiz